اليهود بين الدين والتاريخ : (Record no. 14119)

MARC details
000 -الفاتح
حقل البيانات ثابتة الطول 01159nam a2200277 i 4500
003 - محدد رقم الضبط
رقم الضبط EG-ScBUE
005 - وقت وتاريخ اخر تعامل مع التسجيلة
رقم الضبط 20231010120438.0
008 - عناصر البيانات ثابتة الطول - معلومات عامة
حقل البيانات ثابتة الطول 100617s1972 u f b 000 0 ara d
017 ## - رقم الإيداع القانونى
رقم الإيداع القانونى 1972 / 3745
040 ## - مصدر الفهرسة
وكالة الفهرسة الأصلية EG-ScBUE
لغة الفهرسة ara
قواعد الوصف rda
وكالة النسخ EG-ScBUE
وكالة التعديل EG-ScBUE
082 04 - رقم تصنيف ديوى العشرى
رقم التصنيف 909.04924
رقم المادة ط ع ي
رقم الطبعة 22
100 1# - المدخل الرئيسى - إسم شخصى
9 (RLIN) 14890
الإسم الشخصى طعيمة، صابر عبد الرحمن،
الدور مؤلف.
245 12 - بيان العنوان
العنوان اليهود بين الدين والتاريخ :
بقية العنوان دراسة للجوانب العقائدية والتاريخية عند بني إسرائيل /
بيان المسئوليه,etc تأليف صابر عبد الرحمن طعيمه.
264 #1 - النشر، التوزيع
مكان الناشر او الموزع القاهرة :
اسم الناشر او الموزع مكتبة النهضة المصرية،
تاريخ النشر أو التوزيع 1972.
300 ## - الوصف المادى
التعداد 768 صفحة ؛
أبعاد الوعاء 24 سم
336 ## - نوع المحتوى
source rdacontent
Carrier Type Term نص
Content Type Code txt
337 ## - نوع الوسيط
source rdamedia
Media Type Term بدون وسيط
Media Type Code n
338 ## - نوع الحامل أو الناقل
source rdacarrier
Carrier Type Term مجلد
Carrier Type Code nc
504 ## - تبصرة ببليوجرافية
تبصرة ببليوجرافية,الخ يشتمل على إرجاعات ببليوجرافية.
541 ## - تبصرة المصدر المباشر للتزويد
طريقة التزويد إهداء ؛
مصدر التزويد علاء عبد الغني.
650 ## - المدخل الاضافى بالموضوع-مصطلح موضوعى
9 (RLIN) 13691
مصطلح موضوعي أو اسم جغرافي كعنصر مدخل اليهود
650 #7 - المدخل الاضافى بالموضوع-مصطلح موضوعى
9 (RLIN) 14892
مصطلح موضوعي أو اسم جغرافي كعنصر مدخل اليهود
التقسيم الفرعي العام الأصل.
مصدر الرأس أو المصطلح BUEsh
650 #7 - المدخل الاضافى بالموضوع-مصطلح موضوعى
9 (RLIN) 14891
مصطلح موضوعي أو اسم جغرافي كعنصر مدخل اليهود
التقسيم الفرعي العام تاريخ.
مصدر الرأس أو المصطلح BUEsh
655 ## - مصطلح تكشيفى-نوع/شكل
التقسيم الفرعي الشكلي Reading book
942 ## - عناصر المدخل الإضافي( كوها)
مصدر التصنيف او مخطط الترفيف Dewey Decimal Classification
Koha [default] item type Book - Borrowing
Holdings
حالة التراجع حالة الفقد مصدر التصنيف او خطة الترفيف حالة تلف ليس للاعارة مجموعات كوها المكان الدائم المكان الحالي موقع الترفيف تاريخ الاكتساب Source of acquisition رقم الاستدعاء الباركود Date last seen نوع الوعاء
    Dewey Decimal Classification     Donation-Gift Central Library Central Library Second Floor 17/06/2010 Donation 909.04924 ط ع ي 000020421 15/07/2025 Book - Borrowing